Statistics for basketball quiz

Click here to take the quiz!

General Stats

  • This quiz has been taken 21 times
    (20 since last reset)
  • The average score is 3 of 6

Answer Stats

Hint Answer % Correct
nba franchise withe most championsboston celtics
89%
the dad of stephen currydell curry
89%
what overrall pick is michael jordan3
84%
shortest player in nba historymugsy bogues
26%
the most hot-headed player in nba historyrasheed wallace
21%
player that said "the mailman doesnt deliver on sundays" while a free throw attempscottie pippen
16%

Score Distribution

Percentile by Number Answered

Percent of People with Each Score

Your Score History

You have not taken this quiz since the last reset